|
|
|
|
| LEADER |
00000nam0a2200000 4500 |
| 001 |
144012 |
| 005 |
20231101221052.0 |
| 035 |
|
|
|a (RuTPU)RU\TPU\book\156081
|
| 035 |
|
|
|a RU\TPU\book\153506
|
| 090 |
|
|
|a 144012
|
| 100 |
|
|
|a 20080929d1979 k y0rusy50 ca
|
| 101 |
0 |
|
|a rus
|
| 102 |
|
|
|a RU
|
| 105 |
|
|
|a a l 000zy
|
| 200 |
1 |
|
|a Общемашиностроительные нормативы режимов резания для обработки резцами деталей из жаропрочных сталей (временные). ОНВ
|f Министерство станкостроительной и инструментальной промышленности
|
| 210 |
|
|
|a Москва
|c НИИМАШ
|d 1979
|
| 215 |
|
|
|a 30 с.
|c ил.
|
| 610 |
1 |
|
|a ОНВ
|
| 610 |
1 |
|
|a нормативы времени
|
| 610 |
1 |
|
|a режимы резания
|
| 610 |
1 |
|
|a обработка
|
| 610 |
1 |
|
|a жаропрочные стали
|
| 610 |
1 |
|
|a резцы
|
| 675 |
|
|
|a 621.9(083)
|v 3
|
| 712 |
0 |
2 |
|a Министерство станкостроительной и инструментальной промышленности
|2 stltpush
|3 (RuTPU)RU\TPU\col\10084
|9 24792
|
| 801 |
|
1 |
|a RU
|b 63413507
|c 20030819
|g PSBO
|
| 801 |
|
2 |
|a RU
|b 63413507
|c 20221207
|g PSBO
|
| 942 |
|
|
|c BK
|